| 000 | 00960nam a2200289 a 4500 | ||
|---|---|---|---|
| 001 | 2789643 | ||
| 003 | OSt | ||
| 005 | 20230620144351.0 | ||
| 008 | 830628s1982 nyu 100 0 eng | ||
| 010 | _a 81067957 | ||
| 020 | _z0202241618 | ||
| 020 | _a0202241637 (pbk.) | ||
| 040 |
_aDLC _cDLC _dDLC |
||
| 043 | _an-us--- | ||
| 050 | 0 | 0 |
_aJK515 _b.S44 1982 |
| 082 | 0 | 0 |
_a324.6/0973 _219 _bHIR |
| 245 | 0 | 0 |
_aSelection/election : _ba forum on the American presidency / _cRobert S. Hirschfield, editor. |
| 260 |
_aNew York : _bAldine Pub. Co., _c1982. |
||
| 300 |
_axxviii, 195 p. ; _c22 cm. |
||
| 500 | _aPapers from a two-week seminar organized by the French-American Foundation and held in 1980. | ||
| 500 | _aErrata slip inserted. | ||
| 650 | 0 |
_aPresidents _zUnited States _xElection _xCongresses. |
|
| 700 | 1 | _aHirschfield, Robert S. | |
| 710 | 2 | _aFrench-American Foundation. | |
| 906 |
_a7 _bcbc _corignew _d2 _eopcn _f19 _gy-gencatlg |
||
| 942 |
_2ddc _cBK |
||
| 999 |
_c1805 _d1805 |
||